Elementi di critica omosessuale /
Sábháilte in:
| Príomhchruthaitheoir: | |
|---|---|
| Formáid: | LEABHAR |
| Teanga: | Iodáilis |
| Foilsithe / Cruthaithe: |
Torino :
Einaudi,
1977
|
| Eagrán: | 2. ed |
| Sraith: | Saggi ;
577 |
| Ábhair: | |
| Clibeanna: |
Níl clibeanna ann, Bí ar an gcéad duine le clib a chur leis an taifead seo!
|
MARC
| LEADER | 00000nam a22000007i 4500 | ||
|---|---|---|---|
| 001 | IT\ICCU\RLZ\0155081 | ||
| 003 | ItRI | ||
| 005 | 20260220155027.0 | ||
| 008 | 020628s1977 it |||||| ||||| |||||c | ||
| 040 | |b ita |c GP | ||
| 041 | 7 | |a ita |2 ISO-639-2 | |
| 082 | |a 157.73 |2 20 | ||
| 100 | 1 | |a Mieli, Mario |0 IT\ICCU\RMLV\012797 |4 aut | |
| 245 | 1 | 0 | |a Elementi di critica omosessuale / |c Mario Mieli. |
| 250 | |a 2. ed | ||
| 260 | |a Torino : |b Einaudi, |c 1977 | ||
| 300 | |a X, 237 p. ; |c 22 cm | ||
| 650 | 7 | |a Omosessualità | |
| 830 | 0 | |a Saggi ; |v 577 |0 IT\ICCU\CFI\0000099 | |
| 942 | |2 ddc |c BK | ||
| 952 | |0 0 |1 0 |2 ddc |4 0 |6 301_766000000000000_MIE |7 1 |9 698 |a RM |b RM |d 2024-02-20 |l 0 |o 301.766 MIE |p 284 |r 2024-02-20 19:27:02 |w 2024-02-20 |y BK | ||
| 952 | |0 0 |1 0 |2 ddc |4 0 |6 301_766000000000000_MIE_ELE |7 1 |9 2486 |a RN |b RN |d 2024-12-30 |l 0 |o 301.766 MIE ELE |p 9930 |r 2024-12-30 11:35:21 |w 2024-12-30 |y BK | ||
| 952 | |0 0 |1 0 |2 ddc |4 0 |6 301_766000000000000_MIE_ELE |7 1 |9 3645 |a RN |b RN |d 2025-03-11 |l 0 |o 301.766 MIE ELE |p 10904 |r 2025-03-11 22:15:54 |w 2025-03-11 |x DONAZIONE DI GIOVANNI RIMONDINI |y BK |z DONAZIONE DI GIOVANNI RIMONDINI | ||
| 952 | |0 0 |1 0 |4 0 |6 DOC_306_766000000000000_MIE |7 0 |9 24848 |a BO |b BO |d 2026-01-15 |i 3214 |l 0 |o DOC 306.766 MIE |p BO3214 |r 2026-01-15 23:23:49 |w 2026-01-15 |x [Sebina 5] [1 v. (3. copia)] |y BK |z 1 v. (3. copia) | ||
| 952 | |0 0 |1 0 |4 0 |6 DOC_306_766000000000000_MIE |7 0 |9 24849 |a BO |b BO |d 2026-01-15 |i 7957 |l 0 |o DOC 306.766 MIE |p BO7957 |r 2026-01-15 23:23:49 |w 2026-01-15 |x [Sebina 5] [1 v.] |y BK |z 1 v. | ||
| 952 | |0 0 |1 0 |4 0 |6 DOC_306_766000000000000_MIE |7 0 |9 24850 |a BO |b BO |d 2026-01-15 |i 1235 |l 0 |o DOC 306.766 MIE |p BO1235 |r 2026-01-15 23:23:49 |w 2026-01-15 |x [Sebina 5] [1 v.] |y BK |z 1 v. | ||
| 999 | |c 654 |d 654 | ||